TV Show Cities Quiz Stats

 Plays Quiz Updated Feb 15, 2019

Support Sporcle.
Go Orange.
Score 0/22 Timer 04:00
2 Plays Today
Show Town/City % Correct
CSI (original)Las Vegas, Nevada
80.3%
Greys AnatomySeattle, Washington
58.6%
ERChicago, Illinois
54.9%
The WireBaltimore, Maryland
39.3%
Magnum P.I.Honolulu, Hawaii
32.2%
DexterMiami, Florida
31.8%
House M.D.Princeton, New Jersey
28.3%
MonkSan Francisco, California
27.6%
BonesWashington, D.C.
26%
CastleNew York, New York
21.1%
The CloserLos Angeles, California
19.6%
Show Town/City % Correct
FringeBoston, Massachusetts
16.2%
MatlockAtlanta, Georgia
12.1%
DynastyDenver, Colorado
11.6%
MediumPhoenix, Arizona
10.4%
Criminal MindsQuantico, Virginia
8.5%
ThirtysomethingPhiladelphia, Pennsylvania
7.1%
The MentalistSacramento, California
7%
Breaking BadAlbuquerque, New Mexico
6.7%
Queer as Folk (U.S.)Pittsburgh, Pennsylvania
5.3%
Saving GraceOklahoma City, Oklahoma
4.7%
Judging AmyHartford, Connecticut
4.5%

From the Vault

Overweight Countries

by Matt

In unrelated news, today is Fat Tuesday, the day before the fasting season of Lent in the Christian faith.
Remove Ads.
Support Sporcle.
Get the best of Sporcle when you Go Orange. This ad-free experience offers more features, more stats, and more fun while also helping to support Sporcle. Thank you for becoming a member.

Show Comments

Extras

Top Quizzes Today


Score Distribution

Your Account Isn't Verified!

In order to create a playlist on Sporcle, you need to verify the email address you used during registration. Go to your Sporcle Settings to finish the process.

Report this User

Report this user for behavior that violates our Community Guidelines.

Details: